[Event "GMA"]
[Site "Bermuda BER"]
[Date "2002.01.21"]
[Round "1"]
[White "Socko,B"]
[Black "Ernst,S"]
[Result "1-0"]
[WhiteElo "2585"]
[BlackElo "2459"]
[EventDate "2002.01.21"]

1. e4 e5 2. Nf3 Nc6 3. Bb5 Nf6 4. O-O Nxe4 5. d4 Nd6 6. Bxc6 dxc6 7. dxe5
Ne4 8. Qe2 Bf5 9. Rd1 Qc8 10. Be3 Be7 11. Nbd2 O-O 12. Nd4 c5 13. Nxf5 Qxf5
14. Qd3 1-0

[Event "GMA"]
[Site "Bermuda BER"]
[Date "2002.01.21"]
[Round "1"]
[White "Handke,F"]
[Black "Johannessen,LE"]
[Result "0-1"]
[WhiteElo "2450"]
[BlackElo "2427"]
[EventDate "2002.01.21"]

1. e4 e5 2. Nf3 Nc6 3. Bb5 Nf6 4. O-O Nxe4 5. d4 Nd6 6. Bxc6 dxc6 7. dxe5
Ne4 8. Qe2 Bf5 9. Be3 Bc5 10. Bxc5 Nxc5 11. Rd1 Qe7 12. Nd4 Bg6 13. Nc3
O-O-O 14. a4 Rhe8 15. a5 Qxe5 16. Qc4 Bh5 17. f3 Ne6 18. Nxe6 Rxd1+ 19.
Rxd1 Qxe6 20. Qc5 Qe3+ 21. Qxe3 Rxe3 22. Ne4 Rxe4 0-1

[Event "GMA"]
[Site "Bermuda BER"]
[Date "2002.01.22"]
[Round "2"]
[White "Macieja,B"]
[Black "Socko,B"]
[Result "1/2-1/2"]
[WhiteElo "2612"]
[BlackElo "2585"]
[EventDate "2002.01.21"]

1. Nf3 Nf6 2. c4 g6 3. b4 Bg7 4. Bb2 b6 5. e3 c5 6. a3 Na6 7. Qb3 O-O 8.
Be2 d6 9. d4 e6 10. O-O Qe7 11. Nc3 Bb7 12. Rfd1 Rfd8 13. Rd2 Ne4 14. Nxe4
Bxe4 15. Rad1 cxd4 16. Bxd4 e5 17. Bb2 Nc7 18. Ne1 Qe6 19. b5 Bb7 20. Nc2
Qe7 21. Nb4 Ne6 22. Nd5 Bxd5 23. Rxd5 e4 24. Bxg7 Nxg7 25. Qb4 Ne8 26. Qd2
Rac8 27. a4 Rc7 28. Rd4 Rcd7 29. f4 Ng7 30. g4 Ne6 31. Rxe4 f5 32. Rxe6
Qxe6 33. Bf3 Qf6 34. g5 Qg7 35. h4 h5 36. Kf2 Kh7 37. Bc6 Re7 38. Rb1 Re6
39. Bd5 Re7 40. Bc6 Re6 41. a5 Re7 42. Rb2 Re6 43. Ra2 Qc7 44. Ra3 bxa5 45.
Qxa5 Qxa5 46. Rxa5 Re7 47. Ra3 Rc7 48. Ke2 Kg7 49. Kd3 Kf7 50. Kd4 Re7 51.
Rd3 Kf8 52. Kc3 Rc7 53. Kb4 Re7 54. Ka5 Rc7 55. Ka6 Ke7 56. Rd4 Rdc8 57.
Bb7 Rb8 58. Bd5 Re8 59. e4 fxe4 60. Bc6 Rec8 61. Rxe4+ Kf8 62. Re6 Rxc6+
63. bxc6 Rxc6+ 64. Kb5 Rc5+ 65. Kb4 a5+ 66. Kb3 d5 67. cxd5 Rxd5 68. Rxg6
Rf5 69. Rh6 Rxf4 70. Rxh5 Kg7 71. Rh6 a4+ 72. Kb2 Rg4 73. Ka3 Rf4 74. h5
Rh4 75. Rg6+ Kh7 76. Rh6+ Kg7 77. Rg6+ Kh7 1/2-1/2

[Event "GMA"]
[Site "Bermuda BER"]
[Date "2002.01.23"]
[Round "3"]
[White "Handke,F"]
[Black "Macieja,B"]
[Result "0-1"]
[WhiteElo "2450"]
[BlackElo "2612"]
[EventDate "2002.01.21"]

1. e4 c5 2. Nf3 Nc6 3. d4 cxd4 4. Nxd4 Qc7 5. Nc3 e6 6. Be3 a6 7. Be2 Nf6
8. O-O Bb4 9. Na4 O-O 10. Nxc6 bxc6 11. Nb6 Rb8 12. Nxc8 Rfxc8 13. Bxa6 Rf8
14. Bd3 Bd6 15. f4 e5 16. b3 exf4 17. Bd4 f3 18. g3 Bxg3 19. Bxf6 gxf6 20.
e5 Bxe5 21. Qxf3 Rfe8 22. Rad1 Kf8 23. Kh1 Ke7 24. Rde1 Kd8 25. Rg1 Qa5 26.
Re4 Kc7 27. Ra4 Qd2 28. Qh3 Ra8 29. Rg2 Qe1+ 30. Rg1 Qd2 31. Rg2 Qc3 32.
Rc4 Qa1+ 33. Rg1 Qxa2 34. Rd1 Re7 35. Bf5 d5 36. Rc5 Bd6 37. Rc3 Qb2 38.
Qf3 Re5 39. Bh3 Ra1 40. Rxa1 Qxa1+ 41. Kg2 Rg5+ 42. Kf2 Bc5+ 43. Ke2 Re5+
0-1

[Event "GMA"]
[Site "Bermuda BER"]
[Date "2002.01.23"]
[Round "3"]
[White "Vuckovic,Bo"]
[Black "Ernst,S"]
[Result "1-0"]
[WhiteElo "2455"]
[BlackElo "2459"]
[EventDate "2002.01.21"]

1. e4 e5 2. Nf3 Nc6 3. Bb5 a6 4. Ba4 Nf6 5. O-O Nxe4 6. d4 b5 7. Bb3 d5 8.
dxe5 Be6 9. c3 Bc5 10. Nbd2 O-O 11. Bc2 Nxf2 12. Rxf2 f6 13. exf6 Bxf2+ 14.
Kxf2 Qxf6 15. Nf1 Ne5 16. Be3 Rae8 17. Bc5 Nxf3 18. gxf3 Rf7 19. Ng3 Bg4
20. Kg1 Qxf3 21. Qxf3 Rxf3 22. a4 Bh3 23. axb5 axb5 24. Ne2 g6 25. Bb3 Kg7
26. Nd4 Rf4 27. Nxb5 c6 28. Nd4 Re5 29. Kh1 Rg5 30. Ne2 Bg2+ 31. Kg1 Bh3+
32. Ng3 Rf3 33. Re1 Rf7 34. Bd4+ Kg8 35. Re8+ Rf8 36. Rxf8+ Kxf8 37. Bf6
Rg4 38. Be5 Ke7 39. Bd1 Rh4 40. Bf3 Ra4 41. b4 Ke6 42. Bd4 h5 43. Ne2 Kf5
44. Kf2 Bg4 45. Bc5 Ra2 46. Ke3 Bxf3 47. Kxf3 g5 48. Nd4+ Kf6 49. Nxc6 Rxh2
50. b5 g4+ 51. Kf4 Rh3 52. Bd4+ Kg6 53. b6 Rf3+ 54. Ke5 Rf7 55. Kxd5 Rb7
56. Ne5+ Kf5 57. Kc6 Rb8 58. b7 h4 59. Nxg4 Kxg4 60. c4 1-0

[Event "GMA"]
[Site "Bermuda BER"]
[Date "2002.01.23"]
[Round "3"]
[White "Krush,I"]
[Black "Johannessen,LE"]
[Result "1/2-1/2"]
[WhiteElo "2424"]
[BlackElo "2427"]
[EventDate "2002.01.21"]

1. d4 d5 2. c4 e6 3. Nc3 Nf6 4. cxd5 exd5 5. Bg5 Be7 6. e3 O-O 7. Bd3 Nbd7
8. Nge2 Re8 9. O-O c6 10. Qc2 Nf8 11. f3 Nh5 12. Bxe7 Qxe7 13. e4 dxe4 14.
fxe4 Be6 15. e5 f6 16. Rae1 Rad8 17. Ne4 fxe5 18. dxe5 Bd5 19. N2c3 Qxe5
20. Nf6+ Qxf6 21. Rxf6 Rxe1+ 22. Rf1 Rxf1+ 23. Bxf1 Nf6 24. Qa4 a6 25. Qb4
Rd7 26. Na4 Ne6 27. Nb6 Rf7 28. Nc8 Rd7 29. a4 h6 30. Qc3 Rd8 31. Ne7+ Kf7
32. Nf5 Be4 33. Qe5 Bxf5 34. Qxf5 Rd1 35. Qc2 Rd7 36. Bc4 Nd5 37. Qf5+ Ke7
38. h4 Ndf4 39. g3 Rd4 40. Bb3 Nd5 41. Qe5 Rd2 42. a5 Kd7 43. Bc4 Ke7 44.
Bf1 Ndc7 45. Bh3 Kf7 46. Bg2 Rd1+ 47. Kf2 Rd2+ 48. Kf1 Rd1+ 49. Ke2 Rd7 50.
Be4 Nb5 51. g4 Re7 52. Kd2 Rd7+ 53. Kc1 Nbd4 54. g5 hxg5 55. hxg5 Ke7 56.
g6 Rd8 57. Bg2 1/2-1/2

[Event "GMA"]
[Site "Bermuda BER"]
[Date "2002.01.24"]
[Round "4"]
[White "Vescovi,G"]
[Black "Socko,B"]
[Result "1-0"]
[WhiteElo "2590"]
[BlackElo "2585"]
[EventDate "2002.01.21"]

1. e4 e6 2. d3 c5 3. Nf3 Nc6 4. g3 g6 5. Bg2 Bg7 6. O-O d6 7. c3 Nf6 8. Re1
e5 9. a3 O-O 10. b4 b5 11. a4 bxa4 12. Qxa4 Qc7 13. bxc5 dxc5 14. Be3 Rd8
15. Bf1 Bf8 16. h3 Bd7 17. Nfd2 Rdb8 18. Na3 a5 19. Nac4 Ne8 20. Qd1 Ng7
21. Kh2 Ne6 22. Nf3 f6 23. Bc1 a4 24. Ne3 Qd8 25. Nd5 Na5 26. Nd2 Kg7 27.
Bg2 Bb5 28. Re3 c4 29. d4 Nb3 30. Ra2 Nc7 31. dxe5 fxe5 32. Nf3 Bc5 33.
Nxe5 Nxc1 34. Qxc1 Nxd5 35. exd5 Bxe3 36. Qxe3 Qb6 37. Qd2 Re8 38. Ng4 Ra6
39. Rb2 Rd8 40. Qg5 Qd6 41. Rxb5 Rd7 42. Qe3 h5 43. Qd4+ Kh7 44. Ne5 Rc7
45. Nf3 Qf6 46. Qxf6 Rxf6 47. Ra5 Rf5 48. g4 1-0

[Event "GMA"]
[Site "Bermuda BER"]
[Date "2002.01.25"]
[Round "5"]
[White "Krush,I"]
[Black "Macieja,B"]
[Result "1/2-1/2"]
[WhiteElo "2424"]
[BlackElo "2612"]
[EventDate "2002.01.21"]

1. d4 Nf6 2. c4 e6 3. Nc3 Bb4 4. e3 c5 5. Nge2 cxd4 6. exd4 O-O 7. a3 Be7
8. Nf4 d5 9. cxd5 Nxd5 10. Ncxd5 exd5 11. Bd3 Nc6 12. O-O Bf6 13. Be3 g6
14. Rc1 Qd6 15. Rc5 Be6 16. Nxe6 fxe6 17. Be2 Rac8 18. Bg4 b6 19. Rc1 Ne7
20. Qd2 Rxc1 21. Rxc1 Rc8 22. Rxc8+ Nxc8 23. Bf4 Qd7 24. Qe3 Kf7 25. Be5
Ne7 26. Bxf6 Kxf6 27. Qf4+ Kg7 28. Qe5+ Kf7 29. Qf4+ Kg7 1/2-1/2

[Event "GMA"]
[Site "Bermuda BER"]
[Date "2002.01.27"]
[Round "6"]
[White "Macieja,B"]
[Black "Johannessen,LE"]
[Result "1/2-1/2"]
[WhiteElo "2612"]
[BlackElo "2427"]
[EventDate "2002.01.21"]

1. e4 e5 2. Nf3 Nc6 3. Bc4 Nf6 4. d3 Be7 5. O-O O-O 6. Re1 d6 7. a4 Kh8 8.
c3 Ng8 9. a5 a6 10. d4 Bg4 11. d5 Nb8 12. Nbd2 Bg5 13. Qb3 Bxf3 14. Nxf3
Bxc1 15. Raxc1 Nd7 16. Qxb7 Rb8 17. Qc6 Rxb2 18. Qa4 Ngf6 19. Qa3 Qb8 20.
h3 Re8 21. Bd3 Nc5 22. Bc2 Qb5 23. Nd2 Rb8 24. Rb1 Rb7 25. Nf1 h5 26. Ng3
h4 27. Nf5 Rxb1 28. Rxb1 Qe2 29. Rxb7 Qe1+ 30. Kh2 Nxb7 31. Qb4 Qxf2 32.
Qxb7 Qf4+ 33. Kg1 Qc1+ 34. Kh2 Qf4+ 35. Kg1 Qc1+ 36. Kh2 Qf4+ 1/2-1/2

[Event "GMA"]
[Site "Bermuda BER"]
[Date "2002.01.27"]
[Round "6"]
[White "Vescovi,G"]
[Black "Vuckovic,Bo"]
[Result "1/2-1/2"]
[WhiteElo "2590"]
[BlackElo "2455"]
[EventDate "2002.01.21"]

1. e4 e6 2. d4 d5 3. e5 c5 4. c3 Nc6 5. Nf3 Bd7 6. Be2 Nge7 7. Na3 cxd4 8.
cxd4 Nf5 9. Nc2 Qb6 10. O-O a5 11. Kh1 Nb4 12. Ne3 Rc8 13. Nxf5 exf5 14.
Bd2 Be7 15. a3 Na6 16. b4 axb4 17. axb4 Nc7 18. b5 O-O 19. Ba5 Qg6 20. Qb3
Ne6 21. g3 Nd8 22. Bd2 f4 23. Bxf4 Qe4 24. Rfe1 g5 25. Bd1 Qf5 26. Be3 Rc4
27. Nd2 Rb4 28. Qxd5 Rxb5 29. Qg2 g4 30. f3 Bc6 31. Kg1 Rb2 32. fxg4 Qd3
33. Qf2 Bb4 34. Be2 Qg6 35. Red1 Bxd2 36. Rxd2 Rxd2 37. Bxd2 Qe4 38. Kf1
Ne6 39. Be3 f6 40. exf6 Qh1+ 41. Qg1 Rxf6+ 42. Ke1 Qd5 43. Kd2 Nc5 44. Qb1
Ne4+ 45. Kc2 Bd7 46. Qa2 Rc6+ 47. Kb2 Rb6+ 48. Kc2 Rc6+ 49. Kb2 Rb6+ 50.
Kc2 1/2-1/2

[Event "GMA"]
[Site "Bermuda BER"]
[Date "2002.01.28"]
[Round "7"]
[White "Vuckovic,Bo"]
[Black "Socko,B"]
[Result "0-1"]
[WhiteElo "2455"]
[BlackElo "2585"]
[EventDate "2002.01.21"]

1. e4 e5 2. Nf3 Nc6 3. Bb5 a6 4. Ba4 Nf6 5. O-O Be7 6. Re1 b5 7. Bb3 d6 8.
c3 O-O 9. h3 Nb8 10. d4 Nbd7 11. Nbd2 Bb7 12. Bc2 Re8 13. Nf1 Bf8 14. Ng3
g6 15. a4 Bg7 16. d5 Qb8 17. b3 c6 18. c4 bxc4 19. bxc4 a5 20. Be3 Qc7 21.
Nd2 Ba6 22. Ne2 Rab8 23. Nc1 Nc5 24. Bxc5 dxc5 25. Bd3 cxd5 26. cxd5 c4 27.
Bf1 Rb2 28. Ra2 Reb8 29. Nf3 Bf8 30. g3 Bd6 31. Re3 Qa7 32. Rxb2 Rxb2 33.
Re2 c3 34. Nd3 Rxe2 35. Qxe2 Qc7 36. Nfe1 Qc4 37. Nc1 Qxe2 38. Bxe2 Bxe2
39. Nxe2 Nxe4 40. Nd3 c2 41. Ne1 Nc3 0-1

[Event "GMA"]
[Site "Bermuda BER"]
[Date "2002.01.28"]
[Round "7"]
[White "Ernst,S"]
[Black "Macieja,B"]
[Result "1/2-1/2"]
[WhiteElo "2459"]
[BlackElo "2612"]
[EventDate "2002.01.21"]

1. d4 Nf6 2. c4 e6 3. Nc3 Bb4 4. e3 O-O 5. Bd3 c5 6. Nf3 d5 7. O-O cxd4 8.
exd4 dxc4 9. Bxc4 Nbd7 10. Qe2 Bxc3 11. bxc3 b6 12. Bb2 Bb7 13. Rad1 Rc8
14. Ne5 Qc7 15. Bd3 Nxe5 16. dxe5 Qc6 17. f3 Nd5 18. Qe4 g6 19. c4 Nb4 20.
Qxc6 Nxc6 21. Be4 Na5 22. Bxb7 Nxb7 23. Rd7 Na5 24. c5 Nc4 25. Bc3 Ne3 26.
Rb1 Nd5 27. Bd2 Rxc5 28. Rxa7 h5 29. a4 Rc2 30. Bh6 Rb8 31. a5 Ra2 32. Rb5
Re2 33. axb6 Rxb6 34. Rxb6 Nxb6 35. f4 Nd5 36. Bg5 Kg7 37. Ra8 Rb2 38. Rc8
Kh7 39. Rf8 Kg7 40. Ra8 Rc2 41. Rb8 Ra2 42. Rd8 1/2-1/2

[Event "GMA"]
[Site "Bermuda BER"]
[Date "2002.01.29"]
[Round "8"]
[White "Vescovi,G"]
[Black "Johannessen,LE"]
[Result "0-1"]
[WhiteElo "2590"]
[BlackElo "2427"]
[EventDate "2002.01.21"]

1. e4 e6 2. d3 d5 3. Qe2 Nf6 4. Nf3 Be7 5. g3 b5 6. Bg2 dxe4 7. dxe4 b4 8.
Nbd2 a5 9. c4 bxc3 10. bxc3 Ba6 11. c4 Nc6 12. Bb2 Rb8 13. Rb1 Nb4 14. O-O
Nxa2 15. e5 Nd7 16. Ne4 Rb4 17. Nfd2 O-O 18. Qe3 Nb6 19. Rfd1 Rxb2 20. Rxb2
Nxc4 21. Qb3 Nxb2 22. Qxb2 Nb4 23. Qa1 Be2 24. Rc1 Nd3 25. Rc2 Bb4 26. Nf6+
gxf6 27. Ne4 fxe5 28. Rxe2 f5 29. Nd2 Qd4 30. Qa2 Re8 31. Qc2 e4 32. Nxe4
fxe4 33. Bxe4 Qa1+ 34. Kg2 Ne1+ 35. Rxe1 Qxe1 36. Bxh7+ Kh8 0-1

[Event "GMA"]
[Site "Bermuda BER"]
[Date "2002.01.29"]
[Round "8"]
[White "Handke,F"]
[Black "Vuckovic,Bo"]
[Result "1/2-1/2"]
[WhiteElo "2450"]
[BlackElo "2455"]
[EventDate "2002.01.21"]

1. e4 e6 2. d4 d5 3. Nd2 Nf6 4. e5 Nfd7 5. Bd3 c5 6. c3 Nc6 7. Ne2 cxd4 8.
cxd4 f6 9. exf6 Nxf6 10. O-O Bd6 11. Nf3 Qc7 12. h3 O-O 13. Be3 Bd7 14. Nc3
a6 15. Rc1 Rae8 16. Re1 Re7 17. Ne5 Be8 18. f4 Nh5 19. Qd2 Qb6 20. Kh1 Bxe5
21. fxe5 Ng3+ 22. Kh2 Nf5 23. Bg1 Bg6 24. Ne2 Nh4 25. Nf4 Rxf4 26. Qxf4
Nxg2 27. Kxg2 Bxd3 28. Qd2 Bf5 29. Kh2 h6 30. Be3 Kh7 31. Rg1 Rf7 32. Rcf1
Qd8 33. Qg2 Ne7 34. Qg3 Qe8 35. Qh4 Be4 36. Qg4 Nf5 37. Qg6+ Kh8 38. Bd2
Nd6 39. Qg3 Nf5 40. Qg6 Nd6 41. Qg4 Nf5 1/2-1/2

[Event "GMA"]
[Site "Bermuda BER"]
[Date "2002.01.30"]
[Round "9"]
[White "Krush,I"]
[Black "Handke,F"]
[Result "1/2-1/2"]
[WhiteElo "2424"]
[BlackElo "2450"]
[EventDate "2002.01.21"]

1. d4 Nf6 2. c4 e6 3. Nc3 Bb4 4. e3 b6 5. Nge2 Ne4 6. Qc2 Bb7 7. f3 Nxc3 8.
Nxc3 Qh4+ 9. Qf2 Qxf2+ 10. Kxf2 Bxc3 11. bxc3 Ba6 12. Ba3 Nc6 13. Bb4 d6
14. a4 Na5 15. Bxa5 bxa5 16. c5 Bxf1 17. Rhxf1 dxc5 18. Rab1 a6 19. Rb7 Kd7
20. Rfb1 f5 21. h4 h6 22. h5 Rhg8 23. R1b2 c4 24. f4 g6 25. hxg6 Rxg6 26.
Rb8 Rg8 27. Rxa8 Rxa8 28. Kf3 Rg8 29. Rb1 h5 30. g3 Kd6 31. Rb7 Kc6 32. Rb1
Rh8 33. Rb2 h4 34. Rh2 h3 35. g4 fxg4+ 36. Kxg4 Rg8+ 37. Kf3 Rg1 38. Rxh3
Rc1 39. Rh5 Rxc3 40. Rxa5 Kd6 41. Rxa6+ c6 42. Ke4 Rd3 43. Ra5 Ra3 44. Ra8
c3 45. Kd3 c2+ 46. Kxc2 Rxe3 47. a5 Rf3 48. a6 Kc7 49. Re8 Kb6 50. Rxe6
Rxf4 51. Kd3 Rf5 52. Ke4 Ra5 53. a7 Kb7 54. Re7+ 1/2-1/2

[Event "GMA"]
[Site "Bermuda BER"]
[Date "2002.01.30"]
[Round "9"]
[White "Ernst,S"]
[Black "Vescovi,G"]
[Result "0-1"]
[WhiteElo "2459"]
[BlackElo "2590"]
[EventDate "2002.01.21"]

1. d4 Nf6 2. c4 e6 3. g3 d5 4. Nf3 Bb4+ 5. Bd2 Be7 6. Bg2 O-O 7. O-O c6 8.
Qc2 Nbd7 9. Rd1 b6 10. Bg5 Bb7 11. Nc3 h6 12. Bxf6 Nxf6 13. Nd2 Qb8 14. e4
c5 15. dxc5 d4 16. e5 Bxg2 17. exf6 Bxf6 18. Nce4 Bxe4 19. Nxe4 bxc5 20.
Nxc5 Rd8 21. Ne4 Be5 22. c5 Qb5 23. a4 d3 24. Qd2 Qc4 25. Qe3 Bxb2 26. Rab1
Bd4 27. Qf3 f5 28. Nd6 Qxc5 29. Nb7 Qd5 30. Kg2 Qxf3+ 31. Kxf3 Rd5 32. Rxd3
Rc8 33. Rd2 e5 34. Rb5 Rxb5 35. axb5 Bb6 36. Ke2 g6 37. f3 Rc3 38. Rd6 Kf7
39. Rd7+ Kf6 40. Rd6+ Kg5 41. h4+ Kh5 42. g4+ Kxh4 43. Rxg6 e4 44. fxe4 f4
45. Kd2 Rb3 46. Nd6 f3 47. e5 f2 48. Rf6 Kxg4 49. e6 Re3 50. Rf7 Rxe6 51.
Rg7+ Kh3 52. Rf7 0-1